Представление документа в формате MARC21

ПолеНазваниеЗначение
  Тип записи a
  Библиографический уровень m
001 Контрольный номер RU\infra-m\znanium\bibl\2231256
005 Дата корректировки 20260429142113.8
008 Кодируемые данные 251126s2025 RU g rus u
020 Индекс ISBN __
a ISBN 978-5-00156-445-4
020 Индекс ISBN __
a ISBN 978-5-16-113736-9 (электр. издание)
040 Источник каталогиз. __
a Служба первич. каталог. Общество с ограниченной ответственностью «ЗНАНИУМ»
041 Код языка издания __
a Код языка текста rus
044 Код страны публикации __
a Код страны публикации RU
080 Индекс УДК __
a Индекс УДК 34.07
084 Индекс другой классификации/Индекс ББК __
2 Источник индекса rubbk
a Индекс другой классификации/Индекс ББК 67.0
084 Индекс другой классификации/Индекс ББК __
2 Источник индекса okso
a Индекс другой классификации/Индекс ББК 40.03.01
084 Индекс другой классификации/Индекс ББК __
2 Источник индекса okso
a Индекс другой классификации/Индекс ББК 40.04.01
084 Индекс другой классификации/Индекс ББК __
2 Источник индекса okso
a Индекс другой классификации/Индекс ББК 40.05.01
084 Индекс другой классификации/Индекс ББК __
2 Источник индекса okso
a Индекс другой классификации/Индекс ББК 40.05.02
084 Индекс другой классификации/Индекс ББК __
2 Источник индекса okso
a Индекс другой классификации/Индекс ББК 40.05.03
084 Индекс другой классификации/Индекс ББК __
2 Источник индекса okso
a Индекс другой классификации/Индекс ББК 40.05.04
084 Индекс другой классификации/Индекс ББК __
2 Источник индекса okso
a Индекс другой классификации/Индекс ББК 40.03.02
100 Автор __
a Автор Синюков В. Н.
q Полное имя Синюков Владимир Николаевич
u Дополнение Московский государственный юридический университет им. О.Е. Кутафина
245 Заглавие __
a Заглавие Инновационный правопорядок. Правовой порядок развитого социализма
b Продолж. заглавия Учебное пособие
c Ответственность Московский государственный юридический университет им. О.Е. Кутафина
250 Сведения об издании __
a Основные сведения об издании 1
260 Выходные данные __
a Место издания Москва
b Издательство ООО "Юридическое издательство Норма"
c Дата издания 2026
300 Физическое описание __
a Объем 252 с.
520 Аннотация __
a Аннотация В учебном пособии представлены исходные положения теории инновационного правопорядка. Основой подхода авторов послужила доктрина советского правопорядка крупного отечественного теоретика права В. В. Борисова фраг- менты монографии которого «Правовой порядок развитого социализма: Вопросы теории» (1977) вошли в настоящее издание. Контекстом исследовательских идей инновационного правопорядка являются достижения российского и зарубежного правоведения современная практика правового регулирования. Для студентов аспирантов и преподавателей юридических вузов и факультетов научных работников сотрудников органов государственной власти общественных организаций.
521 Примеч. о цел. назн. __
a Примеч. о целев. назн. Профессиональное образование
650 Тематические рубрики __
a Основная рубрика Политика. Социология
x Основная подрубрика Обществознание
655 Указ. предметных рубрик (устаревшее) __
a Жанр/ форма (устаревшее) Учебное пособие
700 Другие авторы __
a Другие авторы Синюков С.В.
q Полное имя Синюков Сергей Владимирович
856 Электронный адрес документа 4_
a Имя сервера/домена znanium.ru
m Помощь ebs_support@infra-m.ru
n Местонахождение сервера НИЦ ИНФРА-М
u URL https://znanium.ru/catalog/document?id=472005
856 Электронный адрес документа 48
a Имя сервера/домена znanium.ru
d Путь /cover/2231
f Электронное имя 2231256.jpg
q Тип электронного формата image/jpeg
u URL https://znanium.ru/cover/2231/2231256.jpg
911 __
u 0030=https://znanium.ru/catalog/document?id=472005